Statistics for Countries with the Most Metal Bands

Click here to take the quiz!

General Stats

  • This quiz has been taken 47,892 times
    (32,418 since last reset)
  • The average score is 20 of 27

Answer Stats

TotalPer 100,000Country% Correct
30,845United States
99%
5,803United Kingdom
97%
11,638Germany
95%
4,671Russia
93%
4,96149.12Sweden
93%
4,697Canada
92%
5,574France
91%
34.44Norway
91%
4,18775.57Finland
90%
4,174Spain
88%
6,971Italy
87%
3,367Mexico
86%
6,708Brazil
84%
18.61Denmark
82%
3,737Poland
81%
2,896Australia
80%
14.89Netherlands
74%
14.82Austria
70%
46.30Iceland
70%
20.94Greece
63%
17.26Estonia
62%
14.79Czechia
60%
14.86Luxembourg
50%
14.62Slovenia
48%
2,67814.00Chile
42%
34.10Liechtenstein
42%
17.21Malta
31%

Score Distribution

Percentile by Number Answered

Percent of People with Each Score

Your Score History

You have not taken this quiz since the last reset